• 首页
  • 本馆介绍
  • 公告通知
  • 最新文献
  • 馆藏检索
  • 电子资源
  • 读者导购
  • 参考咨询
  • 我的图书馆
  • 登录
  • 详细信息显示
  • 放入我的书架
  • 预约/预借图书
  • 作者相关作品
  • 分类相关作品
  • 丛书相关作品
  • 出版社相关作品

书目信息

  • 表格格式
  • 工作单格式
  • 卡片格式
题名:
婴幼儿托育机构设置标准的国际经验与启示
    
 
作者: 洪秀敏 著
分册:  
出版信息: 北京   北京师范大学出版社  2020.5
页数: 312页
开本: 26cm
丛书名:
单 册:
中图分类: G618
科图分类:
主题词: 托儿所--机构设置--标准
电子资源:
ISBN: 978-7-303-25315-9
000 00907nam0 2200253 45
001 012001002959
005 20140824091201.0
010    @a978-7-303-25315-9@dCNY68.00
100    @a20200713d2020 em y0chiy0110 ea
101 0  @achi
102    @aCN@b110000
105    @ak az 000yy
106    @ar
200 1  @a婴幼儿托育机构设置标准的国际经验与启示@Aying you er tuo yu ji gou she zhi biao zhun de guo ji jing yan yu qi shi@f洪秀敏等著
210    @a北京@c北京师范大学出版社@d2020.5
215    @a312页@d26cm
300    @a国家社会科学基金重大项目 “全面二孩政策下城市地区0-3岁婴幼,次育服务体系研究”〈项目号:17ZDA123)成果
320    @a有书目(第307-312页)
330    @a北京师范大学出版社职后教师教育五月份新书,欢迎各位老师多多征订,谢谢。
606 0  @a托儿所@x机构设置@x标准
690    @aG618@v5
701  0 @a洪秀敏@Ahong xiu min@4著
801    @aCN@bAHXH@c20210922
905    @b1284785-9@dG618@e2257@f5
    
    婴幼儿托育机构设置标准的国际经验与启示/洪秀敏等著.-北京:北京师范大学出版社,2020.5
    312页;26cm
    国家社会科学基金重大项目 “全面二孩政策下城市地区0-3岁婴幼,次育服务体系研究”〈项目号:17ZDA123)成果
    
    ISBN 978-7-303-25315-9:CNY68.00
    北京师范大学出版社职后教师教育五月份新书,欢迎各位老师多多征订,谢谢。
●
相关链接 在E读中查询图书 在五车中查询图书 在当当中查询图书 在豆瓣中查询图书


正题名:婴幼儿托育机构设置标准的国际经验与启示     索取号:G618/2257         预约/预借

序号 登录号 条形码 馆藏地/架位号 状态 备注
1 1284785   212847856   第一样本阅览室/ [索取号:G618/2257] 在馆    
2 1284786   212847865   教育系资料室/ [索取号:G618/2257] 在馆    
3 1284787   212847874   教育系资料室/ [索取号:G618/2257] 在馆    
4 1284788   212847883   第四借阅区/ [索取号:G618/2257] 在馆    
5 1284789   212847892   第四借阅区/ [索取号:G618/2257] 在馆    
唐山师范学院图书馆 欢迎您!
大连网信软件有限公司© 版权所有